[Event "CAN-op"]
[Site "Kitchener CAN"]
[Date "2006.07.21"]
[Round "7"]
[White "Predescu, Sebastian"]
[Black "Henry, Liam"]
[Result "1-0"]
[WhiteElo "2267"]
[BlackElo "2090"]
[PlyCount "75"]
[EventDate "2006.07.15"]
[EventType "swiss"]
[EventRounds "9"]
[EventCountry "CAN"]

1. e4 c5 2. Nf3 d6 3. d4 cxd4 4. Nxd4 Nf6 5. Nc3 a6 6. Be3 e5 7. Nb3 Be6 8. f3
Nbd7 9. Qd2 b5 10. O-O-O Nb6 11. Qf2 Nc4 12. Bxc4 bxc4 13. Na5 Qd7 14. g4 Be7
15. g5 Nh5 16. Nd5 Qa4 17. Nc7+ Kd7 18. Nxa8 Rxa8 19. Qe1 Rb8 20. b3 cxb3 21.
Nxb3 Qxa2 22. Nc5+ Ke8 23. Nxe6 fxe6 24. Qc3 d5 25. Qc6+ Kf8 26. exd5 Bb4 27.
Bc5+ Kg8 28. Qxe6+ Kh8 29. Qxe5 Rc8 30. Qb2 Qxb2+ 31. Kxb2 Bxc5 32. Rhe1 Kg8
33. Re6 a5 34. Rc6 Rb8+ 35. Kc3 Bb4+ 36. Kc4 Kf7 37. d6 Rd8 38. c3 1-0

[Event "CAN-op"]
[Site "Kitchener CAN"]
[Date "2006.07.21"]
[Round "7"]
[White "Pushkedra, Frank"]
[Black "Hall, John"]
[Result "1/2-1/2"]
[WhiteElo "2279"]
[BlackElo "2058"]
[PlyCount "114"]
[EventDate "2006.07.15"]
[EventType "swiss"]
[EventRounds "9"]
[EventCountry "CAN"]

1. e4 e5 2. Nf3 Nc6 3. Bb5 a6 4. Ba4 Nf6 5. O-O Nxe4 6. d4 exd4 7. Re1 d5 8.
Nxd4 Bd6 9. Nxc6 Bxh2+ 10. Kh1 Qh4 11. Rxe4+ dxe4 12. Qd8+ Qxd8 13. Nxd8+ Kxd8
14. Kxh2 Be6 15. Nc3 f5 16. Bg5+ Kc8 17. Rd1 h6 18. Be7 b5 19. Bb3 Bxb3 20.
axb3 Re8 21. Bc5 Kb7 22. Kg3 g5 23. Rd5 f4+ 24. Kg4 Kc6 25. b4 e3 26. fxe3 fxe3
27. Rd1 a5 28. Re1 axb4 29. Bxb4 Rad8 30. Kg3 Rd4 31. Ba5 h5 32. Ne2 Rg4+ 33.
Kf3 Rge4 34. Bc3 h4 35. g4 hxg3 36. Kxg3 g4 37. Rf1 b4 38. Be1 Ra8 39. c3 Ra1
40. cxb4 Rc4 41. Rf6+ Kb7 42. Bc3 Rh1 43. Kg2 Rd1 44. Re6 Rd3 45. Kg3 Kc8 46.
Re5 Kd7 47. Rg5 Kc6 48. Rxg4 Rxg4+ 49. Kxg4 Kb5 50. Kf3 c5 51. bxc5 Kxc5 52.
Ke4 Rd7 53. Kxe3 Kc4 54. Nd4 Rd8 55. Nc6 Rd3+ 56. Ke4 Rxc3 57. Na5+ Kb4 1/2-1/2

[Event "CAN-op"]
[Site "Kitchener CAN"]
[Date "2006.07.21"]
[Round "7"]
[White "Sadoway, Steven"]
[Black "Derraugh, Geordie"]
[Result "1/2-1/2"]
[WhiteElo "2037"]
[BlackElo "1888"]
[PlyCount "94"]
[EventDate "2006.07.15"]
[EventType "swiss"]
[EventRounds "9"]
[EventCountry "CAN"]

1. e4 e5 2. Nf3 Nc6 3. Bb5 a6 4. Bxc6 dxc6 5. O-O Bg4 6. h3 Bxf3 7. Qxf3 Qd7 8.
d3 O-O-O 9. Nd2 f6 10. Nc4 h5 11. Be3 Qe6 12. h4 Be7 13. Qf5 Qxf5 14. exf5 Nh6
15. Bxh6 Rxh6 16. Rae1 Bc5 17. Re4 Rhh8 18. Rfe1 Rd7 19. Kf1 Rhd8 20. f3 Rh8
21. g3 g6 22. fxg6 Rg7 23. R1e2 Rxg6 24. Rg2 b5 25. Ne3 Bxe3 26. Rxe3 Rhg8 27.
Kf2 Kd7 28. Re4 c5 29. f4 Kd6 30. Kf3 exf4 31. Rxf4 Ke5 32. Re2+ Kd6 33. Rg2
Ke5 34. g4 hxg4+ 35. Rfxg4 Rxg4 36. Rxg4 Rh8 37. Re4+ Kf5 38. Re7 Rxh4 39. Rxc7
c4 40. Rc5+ Kg6 41. dxc4 Rxc4 42. Rxc4 bxc4 43. Kf4 f5 44. b4 cxb3 45. axb3 Kf6
46. b4 Ke6 47. c4 Kf6 1/2-1/2

[Event "CAN-op"]
[Site "Kitchener CAN"]
[Date "2006.07.21"]
[Round "7"]
[White "Shetty, Rahul"]
[Black "Yoos, John"]
[Result "1/2-1/2"]
[WhiteElo "2304"]
[BlackElo "2373"]
[PlyCount "89"]
[EventDate "2006.07.15"]
[EventType "swiss"]
[EventRounds "9"]
[EventCountry "CAN"]

1. e4 c5 2. Nf3 e6 3. d4 cxd4 4. Nxd4 Nf6 5. Nc3 Nc6 6. a3 d6 7. f4 Be7 8. Nb3
O-O 9. Qf3 e5 10. Nd5 exf4 11. Bxf4 Nxd5 12. exd5 Na5 13. O-O-O Nxb3+ 14. Qxb3
Bg5 15. Qe3 Bf6 16. Bd3 Bg4 17. Rd2 Bh5 18. Kb1 Re8 19. Qf2 a6 20. c4 b5 21.
Rc1 bxc4 22. Rxc4 Rb8 23. Rc6 Qa5 24. Rxa6 Re1+ 25. Qxe1 Rxb2+ 26. Rxb2 Qxe1+
27. Bc1 g5 28. Rc2 Qd1 29. Be4 Qd4 30. Bb2 Qxe4 31. Bxf6 h6 32. Kb2 Kh7 33.
Rxd6 Bg6 34. Rcc6 Qxg2+ 35. Kb3 Be4 36. Kc4 Qc2+ 37. Bc3 Qa4+ 38. Kc5 Qxa3+ 39.
Kb6 Qb3+ 40. Kc7 f6 41. Rxf6 Qxd5 42. Rxh6+ Kg8 43. Rhe6 Qf5 44. Re8+ Kf7 45.
Rf6+ 1/2-1/2

[Event "CAN-op"]
[Site "Kitchener CAN"]
[Date "2006.07.21"]
[Round "7"]
[White "Walker, Adrian"]
[Black "Lacau Rodean, Iulia"]
[Result "0-1"]
[WhiteElo "1792"]
[BlackElo "2071"]
[PlyCount "58"]
[EventDate "2006.07.15"]
[EventType "swiss"]
[EventRounds "9"]
[EventCountry "CAN"]

1. e4 c5 2. Nf3 d6 3. d4 cxd4 4. Nxd4 Nf6 5. Nc3 a6 6. a4 e5 7. Nb3 Be7 8. Be2
O-O 9. Be3 Be6 10. f4 Qc7 11. f5 Bc4 12. g4 Nfd7 13. g5 d5 14. exd5 Bb4 15. Bd2
Re8 16. O-O Bc5+ 17. Kh1 Nb6 18. Bxc4 Nxc4 19. Ne4 Ne3 20. Bxe3 Bxe3 21. Nf6+
gxf6 22. gxf6 Kh8 23. Qh5 Rg8 24. Rg1 Bxg1 25. Rxg1 Rxg1+ 26. Kxg1 Qd8 27. Qxf7
Qg8+ 28. Qxg8+ Kxg8 29. Nc5 b6 0-1

[Event "CAN-op"]
[Site "Kitchener CAN"]
[Date "2006.07.21"]
[Round "7"]
[White "Wang, David"]
[Black "Sauve, Richard"]
[Result "1-0"]
[WhiteElo "2206"]
[BlackElo "2004"]
[PlyCount "73"]
[EventDate "2006.07.15"]
[EventType "swiss"]
[EventRounds "9"]
[EventCountry "CAN"]

1. e4 e6 2. d4 d5 3. Nc3 Nf6 4. Bg5 Bb4 5. e5 h6 6. Bd2 Bxc3 7. bxc3 Ne4 8. Qg4
g6 9. Bd3 Nxd2 10. Kxd2 c5 11. Nf3 Bd7 12. Rhb1 Bc6 13. a4 Nd7 14. a5 Qe7 15.
Bb5 O-O 16. Bd3 Kg7 17. h4 f5 18. Qf4 Rh8 19. g4 c4 20. gxf5 exf5 21. Be2 Nf8
22. Rg1 Bd7 23. h5 g5 24. Nxg5 hxg5 25. Rxg5+ Kf7 26. h6 Rxh6 27. Bh5+ Ng6 28.
Bxg6+ Rxg6 29. Rxg6 Kxg6 30. Rg1+ Kf7 31. Qh6 Qf8 32. Qh7+ Ke8 33. Rg8 Rd8 34.
Rxf8+ Kxf8 35. Qh8+ Ke7 36. Qf6+ Ke8 37. e6 1-0

[Event "CAN-op"]
[Site "Kitchener CAN"]
[Date "2006.07.22"]
[Round "8"]
[White "Angers, Gilles"]
[Black "Demmery, Steve"]
[Result "1/2-1/2"]
[WhiteElo "1997"]
[BlackElo "2097"]
[PlyCount "68"]
[EventDate "2006.07.15"]
[EventType "swiss"]
[EventRounds "9"]
[EventCountry "CAN"]

1. Nf3 d5 2. g3 Bf5 3. Bg2 e6 4. d3 Be7 5. O-O h6 6. Nbd2 Nf6 7. Qe1 Nc6 8. e4
Bg4 9. e5 Nd7 10. c3 Bf5 11. Qe2 Nc5 12. Ne1 Qd7 13. d4 Na4 14. Qe3 b5 15. b3
Nb6 16. Nd3 Bxd3 17. Qxd3 Na5 18. Bb2 c5 19. dxc5 Bxc5 20. Nf3 a6 21. Nd4 Qc7
22. f4 Nc6 23. Kh1 O-O 24. Nxc6 Qxc6 25. Rae1 Rad8 26. f5 exf5 27. Qxf5 Qe6 28.
Qh5 d4 29. cxd4 Bxd4 30. Ba3 Rfe8 31. Bh3 Qd5+ 32. Bg2 Qe6 33. Bh3 Qd5+ 34. Bg2
Qe6 1/2-1/2

[Event "CAN-op"]
[Site "Kitchener CAN"]
[Date "2006.07.22"]
[Round "8"]
[White "Arandia, Henry"]
[Black "Pushkedra, Frank"]
[Result "0-1"]
[WhiteElo "2035"]
[BlackElo "2279"]
[PlyCount "116"]
[EventDate "2006.07.15"]
[EventType "swiss"]
[EventRounds "9"]
[EventCountry "CAN"]

1. d4 Nf6 2. Nc3 d5 3. Bg5 Nbd7 4. f3 c6 5. Qd2 h6 6. Bh4 g5 7. Bf2 b5 8. e3
Nb6 9. Bd3 h5 10. h3 Nc4 11. Qc1 a5 12. Nge2 a4 13. a3 h4 14. e4 dxe4 15. Bxc4
bxc4 16. fxe4 g4 17. hxg4 Nxg4 18. Rxh4 Rg8 19. Bg3 Qb6 20. Qf4 e5 21. Qd2 Qxb2
22. Ra2 Qb6 23. Bxe5 Nxe5 24. dxe5 Bc5 25. Qf4 Be6 26. Ra1 O-O-O 27. Kf1 Be3
28. Qf3 Bg5 29. Rb1 Qxb1+ 30. Nxb1 Rd1+ 31. Kf2 Bxh4+ 32. g3 Be7 33. Nbc3 Bc5+
34. Kg2 Rh8 35. Qf6 Rdh1 36. g4 R8h2+ 37. Kg3 Rh3+ 38. Kg2 R1h2+ 39. Kf1 Rf2+
40. Qxf2 Bxf2 41. Kxf2 Bxg4 42. Ng3 Rh2+ 43. Ke3 Rxc2 44. Kd4 Be6 45. Nxa4 Kc7
46. Nf5 Ra2 47. Nd6 Rxa3 48. Nc5 c3 49. Kd3 Ra5 50. Nxe6+ fxe6 51. Nc4 Ra8 52.
Kxc3 c5 53. Nd6 Kc6 54. Nc4 Rh8 55. Nd6 Rf8 56. Kc4 Rf1 57. Kc3 Re1 58. Kd3
Rd1+ 0-1

[Event "CAN-op"]
[Site "Kitchener CAN"]
[Date "2006.07.22"]
[Round "8"]
[White "Arencibia, Walter"]
[Black "Corrales, Fidel"]
[Result "1/2-1/2"]
[WhiteElo "2539"]
[BlackElo "2492"]
[PlyCount "22"]
[EventDate "2006.07.15"]
[EventType "swiss"]
[EventRounds "9"]
[EventCountry "CAN"]

1. Nf3 Nf6 2. c4 c5 3. Nc3 Nc6 4. d4 cxd4 5. Nxd4 g6 6. g3 Bg7 7. Bg2 O-O 8.
O-O Nxd4 9. Qxd4 d6 10. Bd2 Be6 11. Qd3 Qc7 1/2-1/2

[Event "CAN-op"]
[Site "Kitchener CAN"]
[Date "2006.07.22"]
[Round "8"]
[White "Bareev, Evgeny"]
[Black "Predescu, Sebastian"]
[Result "1-0"]
[WhiteElo "2683"]
[BlackElo "2267"]
[PlyCount "55"]
[EventDate "2006.07.15"]
[EventType "swiss"]
[EventRounds "9"]
[EventCountry "CAN"]

1. d4 Nf6 2. c4 g6 3. Nc3 Bg7 4. e4 d6 5. h3 O-O 6. Bg5 c5 7. d5 e6 8. Bd3 exd5
9. cxd5 Re8 10. Nf3 a6 11. a4 Qa5 12. O-O Nbd7 13. Re1 Qb4 14. Qc2 c4 15. Bf1
Rb8 16. a5 b6 17. axb6 Nc5 18. Nd2 Nb3 19. Ra4 Nd4 20. Qc1 Qxb6 21. Nxc4 Qd8
22. Nxd6 Qxd6 23. e5 Qb6 24. exf6 Rxe1 25. Qxe1 Bxf6 26. Bxf6 Qxf6 27. Qe8+ Kg7
28. Ne4 1-0

[Event "CAN-op"]
[Site "Kitchener CAN"]
[Date "2006.07.22"]
[Round "8"]
[White "Becker, Paul"]
[Black "Doubleday, William"]
[Result "1/2-1/2"]
[WhiteElo "1976"]
[BlackElo "2106"]
[PlyCount "97"]
[EventDate "2006.07.15"]
[EventType "swiss"]
[EventRounds "9"]
[EventCountry "CAN"]

1. e4 c5 2. Nf3 Nc6 3. d4 cxd4 4. Nxd4 Nf6 5. Nc3 d6 6. Bg5 e6 7. Qd2 Be7 8.
O-O-O Nxd4 9. Qxd4 O-O 10. f4 a6 11. g3 Qc7 12. Bg2 Rb8 13. Rhe1 e5 14. Qa7 Be6
15. Bxf6 Bxf6 16. f5 Bc4 17. Bf1 Rfc8 18. Bxc4 Qxc4 19. Qb6 Rc6 20. Qb3 Qxb3
21. axb3 Rbc8 22. Re2 Kf8 23. h4 h5 24. Rg2 b5 25. Nd5 Bd8 26. Rh1 a5 27. Rhh2
a4 28. bxa4 bxa4 29. g4 Rc4 30. f6 Rxe4 31. gxh5 Bxf6 32. h6 gxh6 33. Nxf6 Rec4
34. Rg8+ Ke7 35. Rxc8 Rxc8 36. Nd5+ Ke6 37. Nb6 Rg8 38. Nxa4 f5 39. c4 f4 40.
Nc3 Kf5 41. Nb5 f3 42. Nxd6+ Kf4 43. Rd2 Rg1+ 44. Kc2 Rg2 45. c5 e4 46. c6 e3
47. Rxg2 fxg2 48. c7 g1=Q 49. c8=Q 1/2-1/2

[Event "CAN-op"]
[Site "Kitchener CAN"]
[Date "2006.07.22"]
[Round "8"]
[White "Estrada, Julian"]
[Black "Hall, John"]
[Result "0-1"]
[WhiteElo "2370"]
[BlackElo "2058"]
[PlyCount "40"]
[EventDate "2006.07.15"]
[EventType "swiss"]
[EventRounds "9"]
[EventCountry "CAN"]

1. e4 e5 2. Nf3 Nc6 3. Bb5 a6 4. Ba4 Nf6 5. O-O Nxe4 6. d4 exd4 7. Re1 d5 8.
Nxd4 Bd6 9. g3 O-O 10. Nxc6 bxc6 11. Bxc6 Bc5 12. Be3 Nxf2 13. Qxd5 Bxe3 14.
Bxa8 Nh3+ 15. Kg2 Qf6 16. Rf1 Nf2 17. Qf3 Bh3+ 18. Kg1 Ng4+ 19. Kh1 Bxf1 20.
Nc3 Bh3 0-1

[Event "CAN-op"]
[Site "Kitchener CAN"]
[Date "2006.07.22"]
[Round "8"]
[White "Jiang, Louie"]
[Black "Chow, Vincent"]
[Result "1-0"]
[WhiteElo "1967"]
[BlackElo "2098"]
[PlyCount "103"]
[EventDate "2006.07.15"]
[EventType "swiss"]
[EventRounds "9"]
[EventCountry "CAN"]

1. e4 c6 2. d4 d5 3. Nc3 dxe4 4. Nxe4 Nf6 5. Nxf6+ gxf6 6. Nf3 Qc7 7. g3 Bg4 8.
Bg2 Nd7 9. Bf4 e5 10. Qe2 O-O-O 11. dxe5 fxe5 12. Bd2 f5 13. Qc4 Bd6 14. Ng5
Nb6 15. Qb3 Rde8 16. Nf7 Rhf8 17. Nxd6+ Qxd6 18. Bb4 c5 19. Qc3 Na4 20. Qa3 Qa6
21. f3 cxb4 22. Qxb4 Bh5 23. Bf1 Qc6 24. O-O-O Nb6 25. Bb5 Qh6+ 26. Kb1 Re6 27.
Rd3 Be8 28. Qc5+ Bc6 29. a4 e4 30. Rb3 Kb8 31. a5 Nc8 32. Rd1 Rd6 33. Rxd6 Qxd6
34. Qxd6+ Nxd6 35. Bxc6 Kc7 36. Bd5 Re8 37. fxe4 fxe4 38. Re3 Re5 39. c4 b5 40.
axb6+ Kxb6 41. Kc2 Kc5 42. Kc3 Nb5+ 43. Kd2 Kd4 44. Rxe4+ Rxe4 45. Bxe4 Kxe4
46. cxb5 Kf3 47. Kc3 Kg2 48. Kb4 Kxh2 49. Ka5 Kxg3 50. Ka6 h5 51. Kxa7 h4 52.
b6 1-0

[Event "CAN-op"]
[Site "Kitchener CAN"]
[Date "2006.07.22"]
[Round "8"]
[White "Kazmaier, Daniel"]
[Black "Mikanovic, Goran"]
[Result "0-1"]
[WhiteElo "2141"]
[BlackElo "2284"]
[PlyCount "82"]
[EventDate "2006.07.15"]
[EventType "swiss"]
[EventRounds "9"]
[EventCountry "CAN"]

1. f4 c5 2. Nf3 g6 3. g3 Bg7 4. Bg2 Nc6 5. e4 e6 6. d3 Nge7 7. O-O O-O 8. Nc3
d6 9. Ne2 b6 10. c3 Ba6 11. Rb1 b5 12. b4 cxb4 13. cxb4 Bb7 14. Bb2 Bxb2 15.
Rxb2 Qb6+ 16. d4 a5 17. a3 axb4 18. axb4 d5 19. e5 Nf5 20. Qd3 Ra4 21. Rfb1
Rfa8 22. Rb3 Ra1 23. g4 Nfe7 24. Ng3 Rxb1+ 25. Rxb1 Ra4 26. Qd2 Qa7 27. Rb2
Ra1+ 28. Bf1 Qa3 29. Kg2 Rd1 30. Qxd1 Qxb2+ 31. Kh3 Qxb4 32. Qc1 Qb3 33. Be2
Bc8 34. Kh4 b4 35. f5 exf5 36. Qh6 fxg4 37. Qf4 gxf3 38. Kg5 fxe2 39. Nh5 Qh3
40. e6 h6+ 41. Kf6 Qxe6# 0-1

[Event "CAN-op"]
[Site "Kitchener CAN"]
[Date "2006.07.22"]
[Round "8"]
[White "Lacau Rodean, Iulia"]
[Black "Wight, Keith"]
[Result "0-1"]
[WhiteElo "2071"]
[BlackElo "2010"]
[PlyCount "149"]
[EventDate "2006.07.15"]
[EventType "swiss"]
[EventRounds "9"]
[EventCountry "CAN"]

1. e4 c5 2. Nf3 d6 3. g3 Nf6 4. d3 g6 5. Bg2 Bg7 6. O-O Nc6 7. c3 O-O 8. h3 Rb8
9. Re1 e5 10. Na3 b5 11. Nc2 b4 12. d4 bxc3 13. bxc3 Qa5 14. d5 Ne7 15. Nd2 Qa4
16. Ne3 Qxd1 17. Rxd1 Ba6 18. Bf1 Bxf1 19. Kxf1 Bh6 20. Re1 Ne8 21. f3 f5 22.
Ke2 Nf6 23. g4 fxe4 24. fxe4 Bg5 25. Rg1 h6 26. Nec4 Bxd2 27. Nxd2 g5 28. Kd3
Nd7 29. Rf1 Rxf1 30. Nxf1 Rf8 31. Ke2 Rb8 32. Ne3 Nf6 33. Kd3 Kf7 34. Nc4 Ne8
35. Be3 Ng6 36. Rf1+ Nf4+ 37. Bxf4 gxf4 38. h4 Kf6 39. Rg1 Rb7 40. Ke2 a5 41.
a4 Rb3 42. Kd3 Ke7 43. Kc2 Rb8 44. Nxa5 Ra8 45. Nc6+ Kd7 46. a5 Nf6 47. Kd3 c4+
48. Kxc4 Nxe4 49. g5 hxg5 50. hxg5 f3 51. Kd3 f2 52. Rf1 Nc5+ 53. Ke2 Rg8 54.
Rxf2 Rxg5 55. Rf7+ Kc8 56. Rf8+ Kc7 57. Rf7+ Kc8 58. Ra7 Rg4 59. a6 Nxa6 60.
Rxa6 Kb7 61. Ra5 Kb6 62. Kd3 Rh4 63. c4 Rh3+ 64. Kc2 Rg3 65. Rb5+ Kc7 66. Rb3
Rg8 67. Rh3 Kb6 68. Kc3 Ra8 69. Rh6 Kc5 70. Kb3 Ra6 71. Re6 Rb6+ 72. Kc3 Rb1
73. Nxe5 Rc1+ 74. Kd2 Rh1 75. Nd3+ 0-1

[Event "CAN-op"]
[Site "Kitchener CAN"]
[Date "2006.07.22"]
[Round "8"]
[White "Lacau Rodean, Lucian"]
[Black "Sadoway, Steven"]
[Result "1-0"]
[WhiteElo "2104"]
[BlackElo "2037"]
[PlyCount "65"]
[EventDate "2006.07.15"]
[EventType "swiss"]
[EventRounds "9"]
[EventCountry "CAN"]

1. e4 c6 2. d4 d5 3. Nc3 dxe4 4. Nxe4 Bf5 5. Ng3 Bg6 6. h4 h6 7. Nf3 Nd7 8. Bd3
Bxd3 9. Qxd3 Ngf6 10. Bd2 e6 11. O-O-O Be7 12. c4 Qc7 13. Bc3 O-O 14. Kb1 Rfd8
15. Qe2 b5 16. d5 cxd5 17. cxd5 Nxd5 18. Rxd5 exd5 19. Qxe7 Re8 20. Qb4 a6 21.
Qd4 Nf6 22. Ne5 Qa7 23. Qf4 Re6 24. Bd4 Qb7 25. Nf5 Rae8 26. Nxg7 Kxg7 27. Ng4
Re1+ 28. Rxe1 Rxe1+ 29. Kc2 Qc6+ 30. Bc3 Kg6 31. Qxh6+ Kf5 32. Qg5+ Ke4 33. f3#
1-0

[Event "CAN-op"]
[Site "Kitchener CAN"]
[Date "2006.07.22"]
[Round "8"]
[White "Moiseenko, Alexander"]
[Black "Huzman, Alexander"]
[Result "1/2-1/2"]
[WhiteElo "2649"]
[BlackElo "2585"]
[PlyCount "45"]
[EventDate "2006.07.15"]
[EventType "swiss"]
[EventRounds "9"]
[EventCountry "CAN"]

1. d4 Nf6 2. c4 g6 3. f3 Nc6 4. Nc3 d5 5. cxd5 Nxd5 6. e4 Nxc3 7. bxc3 e5 8.
Bb5 Bd7 9. Ne2 Bg7 10. Rb1 O-O 11. O-O Re8 12. Be3 Na5 13. Bd3 b6 14. Qd2 Qe7
15. Kh1 Rad8 16. Ng3 Ba4 17. d5 Nb7 18. c4 Bd7 19. Qf2 c5 20. Ne2 f5 21. Nc3
Rf8 22. Bc2 Nd6 23. Qe2 1/2-1/2

[Event "CAN-op"]
[Site "Kitchener CAN"]
[Date "2006.07.22"]
[Round "8"]
[White "Sauve, Richard"]
[Black "Hurley, Paul"]
[Result "1/2-1/2"]
[WhiteElo "2004"]
[BlackElo "2098"]
[PlyCount "52"]
[EventDate "2006.07.15"]
[EventType "swiss"]
[EventRounds "9"]
[EventCountry "CAN"]

1. d4 Nf6 2. c4 e6 3. Nc3 Bb4 4. Qc2 b6 5. e4 d5 6. Qa4+ Nc6 7. exd5 exd5 8.
Qxc6+ Bd7 9. Qb7 Qe7+ 10. Be2 O-O 11. cxd5 Ne4 12. Bd2 Nxd2 13. Kxd2 Qg5+ 14.
Kc2 Rab8 15. Qa6 b5 16. Nf3 Qxg2 17. Rhg1 Qxf2 18. Rxg7+ Kxg7 19. Rg1+ Qxg1 20.
Nxg1 Bc8 21. Qc6 Rb6 22. Qxc7 Bd6 23. Qxa7 Ra6 24. Nxb5 Rxa7 25. Nxa7 Bf5+ 26.
Bd3 Bxd3+ 1/2-1/2

[Event "CAN-op"]
[Site "Kitchener CAN"]
[Date "2006.07.22"]
[Round "8"]
[White "Stevens, Christian"]
[Black "Buscar, Michael"]
[Result "0-1"]
[WhiteElo "2314"]
[BlackElo "2127"]
[PlyCount "36"]
[EventDate "2006.07.15"]
[EventType "swiss"]
[EventRounds "9"]
[EventCountry "CAN"]

1. Nf3 d5 2. d4 e6 3. Bf4 Nf6 4. e3 Be7 5. h3 c6 6. c4 O-O 7. Nc3 b6 8. Rc1 Bb7
9. Bd3 a5 10. cxd5 exd5 11. Ne5 c5 12. Qf3 Nc6 13. O-O Nxe5 14. dxe5 Ne8 15.
Bc4 Nc7 16. Rfd1 dxc4 17. Qxb7 Qc8 18. Qxb6 Ra6 0-1

[Event "CAN-op"]
[Site "Kitchener CAN"]
[Date "2006.07.22"]
[Round "8"]
[White "Wang, David"]
[Black "Hamilton, Robert"]
[Result "1-0"]
[WhiteElo "2206"]
[BlackElo "2333"]
[PlyCount "82"]
[EventDate "2006.07.15"]
[EventType "swiss"]
[EventRounds "9"]
[EventCountry "CAN"]

1. e4 d6 2. d4 Nf6 3. Nc3 g6 4. Bc4 Bg7 5. Qe2 e5 6. dxe5 dxe5 7. Bg5 c6 8. Nf3
Nbd7 9. a4 h6 10. Bh4 a5 11. Rd1 Qb6 12. Bb3 O-O 13. O-O Nc5 14. Bxf6 Bxf6 15.
Rd6 Qc7 16. Rxf6 Nxb3 17. Qc4 Kg7 18. Rd1 Bg4 19. cxb3 Rad8 20. Rxd8 Qxd8 21.
Nxe5 Qxf6 22. Nxg4 Qe7 23. Qd4+ f6 24. Qe3 Rh8 25. Qg3 h5 26. Ne3 Kh7 27. h4
Rd8 28. Nc4 Rd7 29. Qe3 Qb4 30. Qb6 Rd3 31. Kf1 Qe7 32. Nxa5 Qd6 33. Kg1 Qf4
34. Nc4 g5 35. Ne3 Rd2 36. Ned1 gxh4 37. Qxb7+ Kh6 38. Qc8 Qg4 39. Qh8+ Kg6 40.
Ne3 Qe6 41. Nf5 Rxb2 1-0

[Event "CAN-op"]
[Site "Kitchener CAN"]
[Date "2006.07.22"]
[Round "8"]
[White "Yoos, John"]
[Black "Kulic, Sasa"]
[Result "1-0"]
[WhiteElo "2373"]
[BlackElo "2192"]
[PlyCount "65"]
[EventDate "2006.07.15"]
[EventType "swiss"]
[EventRounds "9"]
[EventCountry "CAN"]

1. e4 e6 2. d4 d5 3. e5 c5 4. c3 Qb6 5. Nf3 Nc6 6. a3 Nh6 7. Bd3 Bd7 8. Bc2 a5
9. b3 Be7 10. O-O Nf5 11. Bxf5 exf5 12. Be3 Be6 13. a4 h6 14. dxc5 Bxc5 15.
Bxc5 Qxc5 16. Na3 O-O 17. Qd3 Rfd8 18. Rfd1 f4 19. h3 Rac8 20. Nb5 Ne7 21. Nfd4
Bd7 22. Nd6 Rc7 23. Qf3 Ng6 24. Qh5 Be8 25. Re1 Kh7 26. Rac1 Re7 27. N6f5 Rc7
28. Nxg7 Kxg7 29. Nf5+ Kg8 30. Nxh6+ Kf8 31. Nf5 Bd7 32. Qh6+ Ke8 33. Nd6+ 1-0

[Event "CAN-op"]
[Site "Kitchener CAN"]
[Date "2006.07.22"]
[Round "8"]
[White "Zubac, Marius"]
[Black "Mattson, Dane"]
[Result "1/2-1/2"]
[WhiteElo "2217"]
[BlackElo "1857"]
[PlyCount "94"]
[EventDate "2006.07.15"]
[EventType "swiss"]
[EventRounds "9"]
[EventCountry "CAN"]

1. d4 e6 2. c4 Nf6 3. Nc3 Bb4 4. f3 d5 5. a3 Bxc3+ 6. bxc3 c5 7. cxd5 Nxd5 8.
dxc5 Qa5 9. e4 Ne7 10. Be3 O-O 11. Qb3 Qc7 12. Nh3 Nd7 13. Qb5 b6 14. Bc4 a6
15. Qb4 bxc5 16. Qa4 Rb8 17. O-O Bb7 18. Rfd1 Nc6 19. Ba2 Nb6 20. Qc2 Na5 21.
Qe2 Na4 22. Qc2 Bc6 23. Rab1 Rxb1 24. Rxb1 Rb8 25. Rxb8+ Qxb8 26. Nf4 Qe5 27.
Qd2 Nb7 28. Ne2 Bb5 29. Bf4 Qf6 30. e5 Qd8 31. c4 Qxd2 32. Bxd2 Bc6 33. Kf2 Nb6
34. g3 Ba4 35. Ke3 Bc2 36. g4 f6 37. f4 fxe5 38. fxe5 Nd7 39. Bc3 Nd8 40. Kd2
Be4 41. Nf4 Kf7 42. Nh3 h6 43. Ke3 Bc2 44. g5 Kg6 45. gxh6 Kxh6 46. Ng1 Nc6 47.
Nf3 g5 1/2-1/2

[Event "CAN-op"]
[Site "Kitchener CAN"]
[Date "2006.07.22"]
[Round "9"]
[White "Aird, Ian"]
[Black "Angers, Gilles"]
[Result "1/2-1/2"]
[WhiteElo "2045"]
[BlackElo "1997"]
[PlyCount "28"]
[EventDate "2006.07.15"]
[EventType "swiss"]
[EventRounds "9"]
[EventCountry "CAN"]

1. e4 e6 2. d3 d5 3. Qe2 Be7 4. Nf3 Nf6 5. g3 O-O 6. e5 Nfd7 7. h4 c5 8. Bh3
Nc6 9. O-O Qc7 10. Bf4 Re8 11. Re1 b5 12. Nbd2 a5 13. Ng5 Bxg5 14. hxg5 Nf8
1/2-1/2

[Event "CAN-op"]
[Site "Kitchener CAN"]
[Date "2006.07.22"]
[Round "9"]
[White "Arandia, Henry"]
[Black "Raats, Daniel"]
[Result "0-1"]
[WhiteElo "2035"]
[BlackElo "1993"]
[PlyCount "50"]
[EventDate "2006.07.15"]
[EventType "swiss"]
[EventRounds "9"]
[EventCountry "CAN"]

1. d4 Nf6 2. Nc3 d5 3. Bg5 Nbd7 4. f3 h6 5. Bh4 c5 6. e3 e6 7. Bb5 a6 8. Bxd7+
Bxd7 9. Nge2 Rc8 10. O-O Be7 11. Kh1 Qb6 12. a4 cxd4 13. exd4 O-O 14. a5 Qxb2
15. Rb1 Qa3 16. Rb3 Qxa5 17. Rxb7 Rc7 18. Qb1 Bb5 19. Rxc7 Bxe2 20. Rxe7 Bxf1
21. Bxf6 gxf6 22. Qxf1 Qxc3 23. h3 Qxc2 24. Qe1 Ra8 25. Qg3+ Qg6 0-1

[Event "CAN-op"]
[Site "Kitchener CAN"]
[Date "2006.07.22"]
[Round "9"]
[White "Becker, Paul"]
[Black "Estrada, Julian"]
[Result "0-1"]
[WhiteElo "2076"]
[BlackElo "2370"]
[PlyCount "92"]
[EventDate "2006.07.15"]
[EventType "swiss"]
[EventRounds "9"]
[EventCountry "CAN"]

1. e4 e5 2. Nf3 Nc6 3. Bb5 a6 4. Ba4 Nf6 5. Qe2 b5 6. Bb3 Be7 7. c3 d6 8. O-O
O-O 9. d4 Bg4 10. Rd1 exd4 11. cxd4 d5 12. e5 Ne4 13. Nc3 Nxc3 14. bxc3 Qd7 15.
h3 Bh5 16. g4 Bg6 17. Nh2 Na5 18. f4 Nxb3 19. axb3 Be4 20. Nf3 f5 21. exf6 gxf6
22. f5 Bd6 23. Bh6 Rfe8 24. Qf2 a5 25. Nd2 a4 26. Nxe4 Rxe4 27. b4 Rae8 28. Ra2
Qe7 29. Rf1 c6 30. Qf3 Re2 31. Rxe2 Qxe2 32. Qxe2 Rxe2 33. Rf2 Rxf2 34. Kxf2
Bf8 35. Bc1 h5 36. Kg3 Kh7 37. Kf3 Bh6 38. Bb2 hxg4+ 39. hxg4 Bg5 40. Ke2 Kh6
41. Kf3 Bd2 42. Ke2 Bf4 43. Kf3 Kg5 44. Ba3 Bd2 45. Kg3 Be1+ 46. Kf3 Bxc3 0-1

[Event "CAN-op"]
[Site "Kitchener CAN"]
[Date "2006.07.22"]
[Round "9"]
[White "Buscar, Michael"]
[Black "Kunte, Abhijit"]
[Result "0-1"]
[WhiteElo "2214"]
[BlackElo "2535"]
[PlyCount "68"]
[EventDate "2006.07.15"]
[EventType "swiss"]
[EventRounds "9"]
[EventCountry "CAN"]

1. d4 Nf6 2. Nf3 c5 3. c3 g6 4. Bf4 Bg7 5. e3 b6 6. Be2 Bb7 7. Nbd2 O-O 8. O-O
d6 9. a4 a6 10. h3 Nbd7 11. Nc4 Qc7 12. Rc1 Rfc8 13. b3 Nd5 14. Qd2 N7f6 15.
Qb2 Nxf4 16. exf4 Nd5 17. g3 b5 18. axb5 axb5 19. Ne3 Nf6 20. dxc5 Qxc5 21. b4
Qc6 22. Kh2 Ne4 23. Nd4 Qb6 24. Nxb5 Nxf2 25. Nc4 Qxb5 26. Rxf2 Rxc4 27. Bxc4
Qxc4 28. Qe2 Qc6 29. Qxe7 Re8 30. b5 Qxb5 31. Qxd6 Re2 32. Qd8+ Bf8 33. Rcf1
Rxf2+ 34. Rxf2 Qb1 0-1

[Event "CAN-op"]
[Site "Kitchener CAN"]
[Date "2006.07.22"]
[Round "9"]
[White "Chan, James"]
[Black "Kazmaier, Daniel"]
[Result "1/2-1/2"]
[WhiteElo "2058"]
[BlackElo "2141"]
[PlyCount "44"]
[EventDate "2006.07.15"]
[EventType "swiss"]
[EventRounds "9"]
[EventCountry "CAN"]

1. e4 e6 2. d4 d5 3. e5 c5 4. c3 Nc6 5. Nf3 f6 6. Bd3 Bd7 7. O-O Qc7 8. Re1
O-O-O 9. Nbd2 Nh6 10. c4 cxd4 11. cxd5 Nxe5 12. Nb3 exd5 13. Bxh6 gxh6 14. Rc1
Nc6 15. Nbxd4 Kb8 16. Ne6 Bxe6 17. Rxe6 Bd6 18. Nd4 Rhe8 19. Qa4 Nxd4 20. Rxc7
Rxe6 21. Rc1 Bc5 22. g3 Bb6 1/2-1/2